Countries with a Similar Shape #6 - Statistics

General Stats
  • This quiz has been taken 354 times
  • The average score is 5 of 6
Answer Stats
Picture Answer % Correct
Chile
100%
Bahamas
80%
Solomon Islands
76%
Vanuatu
76%
Palau
64%
St. Vincent and the Grenadines
60%
No matching quizzes found
Score Distribution
Percent of People with Each Score
Percentile by Number Answered
Your Score History
You have not taken this quiz